000 01495cam a22003735a 4500
999 _c19571
_d19571
001 12692051
005 20170117092820.0
008 020305s2002 gw ab 000 0 ger d
010 _a 2002103184
020 _a3791326465 (pbk.)
035 _a(NjP)3730680
035 _a(CStRLIN)NJPGV3730680-B
041 0 _agerengfre
042 _alccopycat
043 _ae-gx---
050 0 0 _aNA1085 .B473 2002
245 0 0 _aBerlin heute =
_bBerlin today = Berlin aujourd'hui /
_cText, Christiane Kruse ; Fotografien: Michael Haddenhorst, Jürgen Hohmuth ; [Übersetzung: Elisabeth Schwaiger, Stéphanie Fiedler, Denys Simon].
246 3 1 _aBerlin today
246 3 1 _aBerlin aujourd'hui
260 _aMünchen ;
_aNew York :
_bPrestel,
_cc2002.
300 _a93 p. :
_bill. (chiefly col.), 1 map ;
_c31 cm.
546 _aText in German, English, and French.
650 0 _aArchitecture
_zGermany
_zBerlin.
651 0 _aBerlin (Germany)
_xBuildings, structures, etc.
651 0 _aBerlin (Germany)
_vPictorial works.
700 1 _aKruse, Christiane.
700 1 _aHaddenhorst, Michael.
700 1 _aHohmuth, Jürgen.
942 _2lcc
_cBOOKS